Obálka Náhled e-knihy:
Epub
Pro půjčování e-knih musíte být přihlášeni.
Jak si půjčit online?

Bulbem záchranáře : jak zachránit život a stát se superhrdinou /

Kniha zábavnou formou popisuje postupy první pomoci při nejčastějších úrazech a onemocněních.

Uloženo v:
Hlavní autor: Samek, Vít, 1982- (Autor)
Médium: E-kniha
Jazyk:Czech
Vydáno: V Brně : Jan Melvil Publishing, 2020
Vydání:Vydání první
Edice:Briquet
Témata:
Tagy:
Žádné tagy
LEADER 02326nam a2200601 i 4500
001 267733
003 CZ PrSKC
005 20240628161201.0
007 ta
008 200707s2020 xr a e f 000 macze
015 |a cnb003237671 
020 |a 9788075551030  |q (brožováno) :  |c Kč 379,00 
035 |a (OCoLC)1200257288 
040 |a OLA001  |b cze  |d ABA001  |e rda 
043 |a e-xr--- 
045 |a y-y- 
072 7 |a 614.8  |x Úrazy a jejich prevence  |2 Konspekt 
072 7 |a 929  |x Biografie  |2 Konspekt 
080 |a 614.88-051  |2 MRF 
080 |a 616-083.98  |2 MRF 
080 |a 929  |2 MRF 
080 |a (437.3)  |2 MRF 
080 |a (035)  |2 MRF 
080 |a (0:82-94)  |2 MRF 
080 |a (047.53)  |2 MRF 
100 1 |a Samek, Vít,  |d 1982-  |7 ola20201079884  |4 aut 
245 1 0 |a Bulbem záchranáře :  |b jak zachránit život a stát se superhrdinou /  |c Vít Samek 
250 |a Vydání první 
264 1 |a V Brně :  |b Jan Melvil Publishing,  |c 2020 
300 |a 248 stran :  |b barevné ilustrace ;  |c 16 cm 
336 |a text  |b txt  |2 rdacontent 
337 |a bez média  |b n  |2 rdamedia 
338 |a svazek  |b nc  |2 rdacarrier 
490 1 |a Briquet 
520 2 |a Kniha zábavnou formou popisuje postupy první pomoci při nejčastějších úrazech a onemocněních. 
600 1 7 |a Samek, Vít,  |d 1982-  |7 ola20201079884  |2 czenas 
648 7 |a 21. století  |7 ch460559  |2 czenas 
650 0 7 |a záchranáři  |7 ph163895  |z Česko  |y 21. století  |2 czenas 
650 0 7 |a první pomoc  |7 ph124698  |2 czenas 
650 0 9 |a emergency medical personnel  |z Czechia  |y 21st century  |2 eczenas 
650 0 9 |a first aid  |2 eczenas 
655 7 |a příručky  |7 fd133209  |2 czenas 
655 7 |a autobiografické vzpomínky  |7 fd131854  |2 czenas 
655 7 |a rozhovory  |7 fd133303  |2 czenas 
655 9 |a handbooks and manuals  |2 eczenas 
655 9 |a autobiographical reminiscences  |2 eczenas 
655 9 |a interviews  |2 eczenas 
830 0 |a Briquet 
900 |a ABA001  |b 19 
044 |a xr 
910 |a RBIT002 
998 |d 207124  |a https://core.palmknihy.cz/api/books/207124/cover?qcbxh0  |b https://core.palmknihy.cz/api/books/207124/cover/400?qcbxh0  |c https://core.palmknihy.cz/api/books/207124/cover/50?qcbxh0  |e   |g 248  |i 9788075551030  |j https://core.palmknihy.cz/api/books/207124/preview.epub  |l   |q 49  |r 1  |s https://www.palmknihy.cz/kniha/207124  |t ebook  |y 2020  |z 0 
999 |d 267731